Harry Potter's Year Gryffindor Members Quiz Stats

Quiz not verified by Sporcle

Challenge
Share
Tweet
Embed
Score 0/8 Timer 05:00
0 Plays Today
Gender Student % Correct
MaleRon Weasley
99.2%
FemaleHermione Granger
97.1%
MaleHarry Potter
96.7%
MaleNeville Longbottom
95.1%
MaleDean Thomas
92.5%
FemaleParvati Patil
89.6%
MaleSeamus Finnigan
89.4%
FemaleLavender Brown
88.8%

You're not logged in!

Compare scores with friends on all Sporcle quizzes.
Join for Free
OR
Log In

You Might Also Like...

Show Comments

Extras

Top Quizzes Today


Score Distribution

Your Account Isn't Verified!

In order to create a playlist on Sporcle, you need to verify the email address you used during registration. Go to your Sporcle Settings to finish the process.

Report this User

Report this user for behavior that violates our Community Guidelines.

Details: